00247nam a2200097Ia 4500008004100000100002100041245004000062260002600102260000900128546001200137170619s9999 xx 000 0 und d aO Dell- Felicity 0aEnglish Collocations in Advance Use bNew Delhi : Cambridge c2010 aENGLISH